Výkaz o finančnej situácii podľa IFRS pre malé a stredné podniky 9/10 záväzné zmluvy na predaj majetku

Aké informácie musí zverejniť účtovná jednotka, ak uzatvorila záväznú kúpnu zmluvu, ktorá sa týka vyradenia aktíva alebo skupiny aktív a záväzkov.

Na minha lista:
Detalhes bibliográficos
Autor principal: Ješš, Michal, 1986-
Formato: Capítulo de Livro
Idioma:eslovaco
Assuntos:
Tags: Adicionar Tag
Sem tags, seja o primeiro a adicionar uma tag!

MARC

LEADER 00000nla a2200000 4500
001 0162256
005 20240502072818.1
041 0 |a slo 
044 |a SK 
245 1 0 |a Výkaz o finančnej situácii podľa IFRS pre malé a stredné podniky 9/10  |b záväzné zmluvy na predaj majetku  |c Michal Ješš 
520 |a Aké informácie musí zverejniť účtovná jednotka, ak uzatvorila záväznú kúpnu zmluvu, ktorá sa týka vyradenia aktíva alebo skupiny aktív a záväzkov. 
610 2 0 |a jednotka účtovná 
610 2 0 |a aktíva 
610 2 0 |a majetok hmotný 
610 2 0 |a predaj 
610 2 0 |a zmluvy 
610 2 0 |a informácie 
610 2 0 |a IFRS 
610 2 0 |a podnik malý 
610 2 0 |a podnik stredný 
100 1 |a Ješš, Michal, 1986-